| 000 | 00772nac a22002171u 4500 | ||
|---|---|---|---|
| 003 | EG-ScBUE | ||
| 005 | 20221010150612.0 | ||
| 008 | 110117s1966 ua f b00 000 0 ara d | ||
| 040 |
_aEG-ScBUE _bara _erda _cEG-ScBUE _dEG-ScBUE |
||
| 082 | 0 | 4 |
_a701 _bإ ب ر _222 |
| 100 | 1 |
_aإبراهيم، زكريا، _eمؤلف. |
|
| 245 | 1 | 0 |
_aفلسفة الفن في الفكر المعاصر / _cبقلم الدكتور زكريا إبراهيم. |
| 264 | 1 |
_aالقاهرة : _bمكتبة مصر، _c[1966] |
|
| 300 |
_a419 صفحة ؛ _c24 سم. |
||
| 490 | 0 |
_aدراسات جمالية ؛ _v1 |
|
| 504 | _aيشتمل على إرجاعات ببليوجرافية. | ||
| 650 | 7 |
_aالفن _xفلسفة. _2BUEsh _98761 |
|
| 653 | _bART | ||
| 655 | _vReading book | ||
| 942 |
_cBB _2ddc |
||
| 999 |
_c7454 _d7454 |
||